[Event "23rd Dubai Open 2023"]
[Site "Dubai UAE"]
[Date "2023.05.31"]
[Round "5.17"]
[White "Movahed, Sina"]
[Black "Theodorou, Nikolas"]
[Result "0-1"]
[WhiteTitle "FM"]
[BlackTitle "GM"]
[WhiteElo "2359"]
[BlackElo "2591"]
[WhiteFideId "42520835"]
[BlackFideId "4262875"]
[EventDate "2023.05.27"]

1. e4 e5 2. Nf3 Nc6 3. Bb5 Bc5 4. O-O Nf6 5. d3 Nd4 6. Nxd4 Bxd4 7. c3 Bb6 8.
Ba4 O-O 9. Nd2 d5 10. Qe2 Bg4 11. Nf3 dxe4 12. dxe4 Nh5 13. Rd1 Qe7 14. Be3 Bxe3
15. Qxe3 Qf6 16. Rd2 Bxf3 17. Qxf3 Qxf3 18. gxf3 Rfd8 19. Rad1 Rxd2 20. Rxd2 Nf6
21. Bb3 g5 22. a4 a5 23. Bd5 c6 24. Bc4 Kf8 25. Kg2 Ke7 26. Kh3 b6 27. Rd1 h6
28. Kg3 Rg8 29. Be2 h5 30. Rd3 Nd7 31. b4 Ra8 32. Bd1 Nf8 33. b5 Rc8 34. bxc6
Rxc6 35. Bb3 Ng6 36. Bd5 Nf4 37. Bxc6 Nxd3 38. Kg2 Nf4+ 39. Kf1 Kd6 40. Bb5 Kc5
41. Ke1 f6 42. Kd2 Ne6 43. Be8 h4 44. Bf7 Nc7 45. Kd3 b5 46. axb5 Nxb5 47. Bb3
Nc7 48. Ba4 Na8 49. Bb3 Nb6 50. Bf7 a4 51. Bg8 Nc8 52. Be6 Nd6 53. Ba2 a3 54.
Bb3 Nc8 55. Be6 Ne7 56. Kc2 Ng6 57. Kb3 Nf4 58. Bf7 Ne2 59. Be6 a2 60. Kxa2
Nxc3+ 61. Kb3 Nd1 62. Kc2 Nxf2 63. Kc3 g4 64. fxg4 Nxe4+ 65. Kd3 Ng5 66. Bf5 Kd6
67. Ke3 Ke7 68. Bc8 Kf7 69. Ba6 Kg7 70. Bc4 Kh6 71. Bg8 Nh3 72. Be6 Kg5 73. Bf5
Nf4 74. Kf3 Nd5 75. Be6 Nb4 76. Bd7 Nc2 77. Bc8 Nd4+ 78. Ke4 Nb5 79. Ke3 Na3 80.
Be6 Nc2+ 81. Ke4 Nd4 82. Bd7 Nb3 83. Ke3 Nc5 84. Bf5 Nb7 85. Bc8 Nd6 86. Be6 Kg6
87. Bd5 Nf7 88. Be6 Ng5 89. Bc8 Kf7 90. Bf5 Ke7 91. Bg6 Kd6 92. Bf5 Kd5 93. Bg6
e4 94. h3 Ke5 95. Bf5 Nxh3 96. Bxe4 Ng5 97. Bg2 Ne6 98. Bh1 Nd4 99. Be4 Nb5 100.
Bd3 Nc7 101. Be4 Ne6 102. Bh1 Ng5 103. Bg2 Ke6 104. Kf4 Kf7 105. Ba8 Kg6 106.
Bd5 Nh3+ 107. Kf3 Kg5 108. Be4 Nf4 109. Bf5 Nd5 110. Be4 Ne7 111. Bh7 Nc6 112.
Ke4 Kxg4 113. Bf5+ Kg3 0-1

[Event "23rd Dubai Open 2023"]
[Site "Dubai UAE"]
[Date "2023.05.31"]
[Round "5.18"]
[White "Asadli, Vugar"]
[Black "Chanda, Sandipan"]
[Result "1/2-1/2"]
[WhiteTitle "GM"]
[BlackTitle "GM"]
[WhiteElo "2584"]
[BlackElo "2460"]
[WhiteFideId "13405764"]
[BlackFideId "5004225"]
[EventDate "2023.05.27"]

1. e4 c5 2. Nc3 d6 3. f4 g6 4. Nf3 Bg7 5. Bb5+ Bd7 6. Bc4 Nc6 7. d3 Nf6 8. e5
dxe5 9. fxe5 Ng4 10. Bxf7+ Kxf7 11. e6+ Kg8 12. exd7 Qxd7 13. h3 Nge5 14. Nxe5
Bxe5 15. O-O Kg7 16. Ne4 Rhf8 17. c3 b6 18. Be3 Rxf1+ 19. Qxf1 Qf5 20. Qc1 Kh8
21. Bh6 Bg7 22. Qe3 Rf8 23. Bxg7+ Kxg7 24. Ng5 e5 25. Re1 a5 26. a4 h6 27. Ne4
Qd7 28. Nf2 Qf5 29. Ng4 g5 30. Qe2 Rd8 31. Nf2 Qd7 32. h4 gxh4 33. Qh5 Rf8 34.
Qxh4 Rf4 35. Qg3+ Kh7 36. Ne4 Qg7 37. Qh3 Ne7 38. Re3 Nf5 39. Rf3 Qg6 40. Kf2 h5
41. Rxf4 exf4 42. Kf3 Ne3 43. Kxf4 Nxg2+ 44. Kf3 Ne1+ 45. Kf2 Nc2 46. Qh4 Qf5+
47. Ke2 Kh6 48. Qh2 Qg4+ 49. Kd2 Na1 50. Qd6+ Kg7 51. Qe7+ Kh6 52. Qf8+ Qg7 53.
Qf4+ Kh7 54. Ng5+ Kg6 55. Nf3 Qh6 56. Ne5+ Kg7 57. Qxh6+ Kxh6 58. Nc4 h4 59. Ke2
Nc2 60. Nxb6 Kg5 61. Nc4 Kf4 62. Kf2 h3 1/2-1/2

[Event "23rd Dubai Open 2023"]
[Site "Dubai UAE"]
[Date "2023.05.31"]
[Round "5.19"]
[White "Xue, Haowen"]
[Black "Mchedlishvili, Mikheil"]
[Result "1-0"]
[BlackTitle "GM"]
[WhiteElo "2335"]
[BlackElo "2553"]
[WhiteFideId "8625492"]
[BlackFideId "13600966"]
[EventDate "2023.05.27"]

1. Nf3 d5 2. d4 Nf6 3. c4 e6 4. Nc3 c6 5. Qd3 dxc4 6. Qxc4 b5 7. Qd3 a6 8. g4
Nxg4 9. Rg1 Nf6 10. e4 Bb7 11. Bf4 Nbd7 12. O-O-O g6 13. e5 Nd5 14. Nxd5 cxd5
15. Kb1 b4 16. h4 Bc6 17. Ng5 Bb5 18. Qf3 Qe7 19. Bd2 Bxf1 20. Rdxf1 a5 21. h5
Nb6 22. Rc1 h6 23. hxg6 hxg5 24. Bxg5 Qd7 25. Bf6 Rg8 26. g7 Rc8 27. gxf8=Q+
Rxf8 28. b3 Qb7 29. Qd3 Kd7 30. Qb5+ Rc6 31. Rc5 Rc8 32. Rgc1 Rc7 33. Ka1 a4 34.
Bd8 1-0

[Event "23rd Dubai Open 2023"]
[Site "Dubai UAE"]
[Date "2023.05.31"]
[Round "5.20"]
[White "Smirin, Ilia"]
[Black "Zou, Chen"]
[Result "1-0"]
[WhiteTitle "GM"]
[BlackTitle "IM"]
[WhiteElo "2599"]
[BlackElo "2413"]
[WhiteFideId "2801990"]
[BlackFideId "8610959"]
[EventDate "2023.05.27"]

1. Nf3 Nf6 2. c4 e6 3. g3 d5 4. Bg2 Be7 5. d4 O-O 6. Qc2 c5 7. dxc5 Qa5+ 8. Nbd2
Qxc5 9. a3 b6 10. b4 Qc7 11. Bb2 Bb7 12. Rc1 Rc8 13. Qb1 Qd8 14. O-O Nbd7 15.
Nd4 Qe8 16. Rfd1 a6 17. cxd5 Bxd5 18. e4 Bb7 19. Nc4 Rc7 20. e5 Bxg2 21. Kxg2
Nd5 22. Nf5 Raa7 23. Qe4 b5 24. Ncd6 Qf8 25. Nxe7+ Qxe7 26. Nc8 Qe8 27. Nxa7
Rxa7 28. Rxd5 exd5 29. Qg4 h5 30. Qxh5 Ra8 31. Qg4 Nxe5 32. Qd4 f6 33. Qxd5+ Nf7
34. h4 Rd8 35. Qf3 Ne5 36. Bxe5 Qxe5 37. Rc6 Rd6 38. Rc8+ Kh7 39. Rc5 Qe8 40. h5
Qe6 41. g4 Rd4 42. Kh3 Qd7 43. Kh4 Qe6 44. Kh3 Qd7 45. Rc3 Qe6 46. Re3 Qd7 47.
Kg3 Qd6+ 48. Kg2 Rf4 49. Qe2 Qd5+ 50. Kg3 Qd6 51. Re6 Qc7 52. Kh3 Qc3+ 53. Re3
Qc4 54. Kg3 Qxe2 55. Rxe2 Rc4 56. Re3 Kg8 57. f4 a5 58. bxa5 Ra4 59. g5 fxg5 60.
fxg5 Rxa5 61. g6 Kf8 62. Rf3+ Kg8 63. Rc3 Ra8 64. Kf4 Kf8 65. Ke5 Rb8 66. Kd6
Rd8+ 67. Kc5 Rc8+ 68. Kb4 Rb8 69. Rf3+ Kg8 70. Rf5 Ra8 71. Rxb5 Kf8 72. Rf5+ 1-0

[Event "23rd Dubai Open 2023"]
[Site "Dubai UAE"]
[Date "2023.05.31"]
[Round "5.21"]
[White "Iskandarov, Misratdin"]
[Black "Badelka, Olga"]
[Result "1-0"]
[WhiteTitle "GM"]
[BlackTitle "IM"]
[WhiteElo "2577"]
[BlackElo "2406"]
[WhiteFideId "13400312"]
[BlackFideId "13509926"]
[EventDate "2023.05.27"]

1. e4 e5 2. Nf3 Nc6 3. Bb5 Nf6 4. d3 d6 5. O-O Be7 6. Re1 O-O 7. c3 a6 8. Ba4
Re8 9. h3 b5 10. Bb3 Na5 11. Bc2 c5 12. d4 Nd7 13. d5 b4 14. Bd2 bxc3 15. Bxc3
Nf8 16. Ba4 Bd7 17. Bxd7 Nxd7 18. Na3 Nb7 19. Nc4 Nb6 20. Nfd2 Bg5 21. a4 Bxd2
22. Nxd2 Qc7 23. a5 Nc8 24. Qe2 f5 25. exf5 Ne7 26. Ne4 Nxf5 27. Qg4 Rf8 28. f4
Nd4 29. Bxd4 exd4 30. Ng5 Nd8 31. f5 Qd7 32. Rf1 Rf6 33. Ne4 Rh6 34. Ra3 Nf7 35.
Qf4 Ne5 36. Qxh6 gxh6 37. Nf6+ Kf7 38. Nxd7 Nxd7 39. Rb3 Ne5 40. Rb7+ Kf6 41.
Rxh7 d3 42. Rxh6+ Kg5 43. Rxd6 d2 44. Re6 Nc4 45. Rd1 1-0

[Event "23rd Dubai Open 2023"]
[Site "Dubai UAE"]
[Date "2023.05.31"]
[Round "5.22"]
[White "Buksa, Nataliya"]
[Black "Kacharava, Nikolozi"]
[Result "1-0"]
[WhiteTitle "IM"]
[BlackTitle "IM"]
[WhiteElo "2406"]
[BlackElo "2550"]
[WhiteFideId "14123622"]
[BlackFideId "13611860"]
[EventDate "2023.05.27"]

1. e4 c5 2. Nf3 d6 3. d4 cxd4 4. Nxd4 Nf6 5. Nc3 a6 6. Be2 e5 7. Nb3 Be7 8. Bg5
Be6 9. Bxf6 Bxf6 10. Qd3 Be7 11. O-O-O Nd7 12. Nd5 Bxd5 13. Qxd5 Qc7 14. Kb1 O-O
15. c3 b5 16. Na1 Nb6 17. Qd3 Rad8 18. Nc2 f5 19. Nb4 Qb7 20. f3 fxe4 21. fxe4
Rf2 22. Rdf1 Rdf8 23. Bf3 Rxf1+ 24. Rxf1 a5 25. Nc2 Nd7 26. Ne3 Nc5 27. Qd5+
Qxd5 28. Nxd5 Bg5 29. Rd1 Rb8 30. a3 Kf7 31. b4 Ne6 32. g3 Bd8 33. Rf1 Ke8 34.
Bh5+ g6 35. Bd1 Rb7 36. Bb3 Ng5 37. Bc2 Ne6 38. h4 Nc7 39. Ne3 axb4 40. axb4 Na8
41. Bd3 Nc7 42. Kb2 Ra7 43. Bc2 Na8 44. Bd3 Nc7 45. Be2 Ra8 46. Kb3 Ra7 47. Nc2
Be7 48. Na3 Rb7 49. h5 Bg5 50. hxg6 hxg6 51. Rh1 Be7 52. Rh7 Kf8 53. Kb2 Rb6 54.
Bd3 Rb7 55. Bc2 d5 56. exd5 Nxd5 57. Bxg6 Rb6 58. Bd3 Nc7 59. Kb3 Ke8 60. g4 Kf8
61. Kc2 Bd8 62. g5 Ne6 63. g6 Bg5 64. Nxb5 Ng7 65. Nc7 Rc6 66. Nd5 Re6 67. Rh8# 1-0

[Event "23rd Dubai Open 2023"]
[Site "Dubai UAE"]
[Date "2023.05.31"]
[Round "5.23"]
[White "Gavrilescu, David"]
[Black "Hesham, Abdelrahman"]
[Result "1/2-1/2"]
[WhiteTitle "GM"]
[BlackTitle "GM"]
[WhiteElo "2535"]
[BlackElo "2409"]
[WhiteFideId "1227190"]
[BlackFideId "10600183"]
[EventDate "2023.05.27"]

1. e4 e5 2. Nf3 Nc6 3. Bb5 Nf6 4. d3 d6 5. O-O Be7 6. c3 O-O 7. Re1 a6 8. Ba4
Re8 9. Nbd2 Bf8 10. Nf1 g6 11. Ng3 Bg7 12. h3 b5 13. Bc2 d5 14. Bg5 h6 15. Bxf6
Bxf6 16. exd5 Qxd5 17. d4 Qd7 18. d5 Na5 19. Qd2 Bg7 20. b3 f5 21. Rad1 e4 22.
Nxe4 fxe4 23. Bxe4 Qd6 24. Qd3 Bd7 25. Bxg6 Rxe1+ 26. Rxe1 Nb7 27. b4 Bf6 28.
Bf5 Re8 29. Be6+ Kg7 30. Qf5 Bxe6 31. dxe6 Nd8 32. Re4 Rxe6 33. Rg4+ Kh8 34. g3
Bg7 35. Nh4 Qd1+ 36. Kg2 Re1 37. Qg6 Qd5+ 38. Nf3 Re7 39. Rf4 Ne6 40. Rf5 Qd6
41. Nh4 Nf8 42. Qg4 Qe6 43. Qh5 Kg8 44. Rf4 Rf7 45. Nf5 Ng6 46. Rf3 Ne7 47.
Nxh6+ Bxh6 48. Rxf7 Qxf7 49. Qxh6 Qd5+ 50. Kg1 Qd1+ 51. Kg2 Qd5+ 52. Kg1 Qxa2
53. Qg5+ Kf7 54. Qf4+ Ke8 55. Qxc7 Qe6 56. h4 Nd5 57. Qg7 Qe1+ 58. Kg2 Qe4+ 59.
Kg1 Qe1+ 60. Kg2 Qe4+ 61. Kg1 1/2-1/2

[Event "23rd Dubai Open 2023"]
[Site "Dubai UAE"]
[Date "2023.05.31"]
[Round "5.24"]
[White "Ahmad, Al Khatib"]
[Black "Lalit Babu M R"]
[Result "0-1"]
[WhiteTitle "GM"]
[BlackTitle "GM"]
[WhiteElo "2344"]
[BlackElo "2529"]
[WhiteFideId "8103178"]
[BlackFideId "5024595"]
[EventDate "2023.05.27"]

1. d4 Nf6 2. c4 e6 3. Nf3 b6 4. g3 Bb7 5. Bg2 Bb4+ 6. Bd2 c5 7. O-O O-O 8. d5
exd5 9. Nh4 Bxd2 10. Qxd2 Ne4 11. Qc2 Re8 12. Nc3 Nxc3 13. bxc3 Ba6 14. Bxd5 Nc6
15. Rad1 Qf6 16. Nf5 Kh8 17. e4 Bb7 18. f4 d6 19. Bxc6 Bxc6 20. Nxd6 Re6 21. e5
Qe7 22. Rfe1 f6 23. Nf5 Qe8 24. Rd6 fxe5 25. Rxe6 Qxe6 26. Rxe5 Qxc4 27. Nd6 Qg8
28. Qd2 Qf8 29. Qd3 Qf6 30. Ne4 Rd8 31. Qe2 Qg6 32. Re7 Re8 33. Ng5 Qb1+ 34. Kf2
Rxe7 35. Qxe7 Qc2+ 36. Qe2 Qxc3 37. Nf7+ Kg8 38. Ne5 Qd4+ 39. Kf1 Bd5 40. Qg4
Qa1+ 41. Kf2 Qxa2+ 42. Ke3 Qb3+ 43. Nd3 Be6 44. Qh4 Bf5 45. Qd8+ Kf7 46. Qc7+
Kg6 47. Qc6+ Kh5 48. g4+ Bxg4 49. Qe8+ g6 50. Qd8 h6 51. Kd2 Qd1+ 52. Kc3 Bf5 0-1

[Event "23rd Dubai Open 2023"]
[Site "Dubai UAE"]
[Date "2023.05.31"]
[Round "5.25"]
[White "Panda, Sambit"]
[Black "Injac, Teodora"]
[Result "0-1"]
[WhiteTitle "IM"]
[BlackTitle "IM"]
[WhiteElo "2436"]
[BlackElo "2402"]
[WhiteFideId "25091794"]
[BlackFideId "932400"]
[EventDate "2023.05.27"]

1. d4 Nf6 2. c4 e6 3. Nf3 d5 4. Nc3 Nbd7 5. cxd5 exd5 6. Qc2 c6 7. Bf4 Nh5 8. e3
Nxf4 9. exf4 Bd6 10. g3 O-O 11. Bd3 Re8+ 12. Kf1 h6 13. Kg2 Nf8 14. Nd1 Qd7 15.
h3 b6 16. Ne3 Bb7 17. Nf5 Ne6 18. Rhe1 Rad8 19. a4 c5 20. Bb5 Bc6 21. Bxc6 Qxc6
22. Rad1 Bf8 23. Ne3 Qb7 24. Ng4 Nxd4 25. Nxd4 cxd4 26. Qd3 Re4 27. f3 Ree8 28.
f5 Qc6 29. f6 h5 30. fxg7 Bxg7 31. Nf2 Qg6 32. h4 Rc8 33. Qb5 Re3 34. Qxd5 Rc2
35. Qd8+ Kh7 36. b4 Rxf3 37. Rf1 Qxg3+ 0-1

[Event "23rd Dubai Open 2023"]
[Site "Dubai UAE"]
[Date "2023.05.31"]
[Round "5.26"]
[White "Batchuluun, Tsegmed"]
[Black "Romanov, Evgeny"]
[Result "1/2-1/2"]
[WhiteTitle "GM"]
[BlackTitle "GM"]
[WhiteElo "2466"]
[BlackElo "2578"]
[WhiteFideId "4900847"]
[BlackFideId "4148843"]
[EventDate "2023.05.27"]

1. d4 Nf6 2. c4 e6 3. Nf3 b6 4. g3 Ba6 5. b3 b5 6. Bg2 bxc4 7. Ne5 Bb4+ 8. Bd2
cxb3 9. axb3 Bxd2+ 10. Qxd2 c6 11. O-O O-O 12. Rc1 Nd5 13. e4 Nb6 14. Nc3 f6 15.
Nd3 Bxd3 16. Qxd3 a5 17. d5 e5 18. Na4 Kh8 19. Nc5 cxd5 20. exd5 f5 21. Qb5 e4
22. Nb7 Qf6 23. Rxa5 Rxa5 24. Qxa5 f4 25. gxf4 Qxf4 26. Rf1 Rf6 27. d6 Rg6 28.
Qxb6 Rxg2+ 29. Kxg2 Qf3+ 30. Kg1 Qg4+ 31. Kh1 Qf3+ 1/2-1/2

[Event "23rd Dubai Open 2023"]
[Site "Dubai UAE"]
[Date "2023.05.31"]
[Round "5.27"]
[White "Vasquez Schroeder, Rodrigo"]
[Black "Laddha, Shubh Jayesh"]
[Result "1/2-1/2"]
[WhiteTitle "GM"]
[BlackTitle "FM"]
[WhiteElo "2524"]
[BlackElo "2397"]
[WhiteFideId "3400042"]
[BlackFideId "30942799"]
[EventDate "2023.05.27"]

1. d4 d5 2. c4 c6 3. Nf3 Nf6 4. e3 e6 5. b3 Ne4 6. Bd3 Bb4+ 7. Nbd2 Nd7 8. O-O
f5 9. a3 Bd6 10. Bb2 Qf6 11. Qc2 g5 12. cxd5 exd5 13. Bxe4 fxe4 14. Nxe4 dxe4
15. d5 Qg6 16. dxc6 bxc6 17. Nxg5 Qxg5 18. Qxc6 O-O 19. Qxd6 Nf6 20. Rac1 Bg4
21. Rc5 Qg6 22. Rc6 Bd7 23. Rc5 Rad8 24. Qf4 Ng4 25. Qg3 Rf5 26. Rxf5 Bxf5 27.
h3 Nh6 28. Qh4 Nf7 29. Bd4 a6 30. Rc1 Rc8 31. Rxc8+ Bxc8 32. Qe7 Qc6 33. Bc5 Kg7
34. Bd4+ Kg8 35. b4 Qe6 36. Qc7 Kf8 37. a4 Bd7 38. b5 axb5 39. axb5 Qd5 40. b6
Bc6 41. Qc8+ Ke7 42. Qc7+ Kf8 43. Qf4 h5 44. Qf6 Ke8 45. Qg6 Kd7 46. Qg7 Ke7 47.
Bf6+ Ke6 48. Bh4 Kd7 49. Bg3 Ke6 50. Bf4 Ke7 51. Kh2 Ke8 52. Kg3 Qb5 53. Bc7 Qf5
54. Bf4 Qb5 55. Qg6 Qxb6 56. Qxh5 Qb5 57. Qg6 Qd5 58. Qg8+ Ke7 59. Kh2 Bd7 60.
Bg3 Qf5 61. Bh4+ Kd6 62. Qb8+ Kc6 63. Bg3 Qe6 64. Bf4 Kd5 65. Qb4 Kc6 66. Kg1
Qd5 67. Qb8 Qe6 68. h4 Qd5 69. Kh2 Qf5 70. Qb4 Qd5 71. Qc3+ Kb6 72. Qf6+ Kb7 73.
Qg6 Qf5 74. h5 Qxg6 75. hxg6 Nd8 76. Bg5 Ne6 77. Bf6 Be8 78. g7 Bf7 79. Kg3 Kc6
80. Kg4 Kd5 81. f4 exf3 82. gxf3 Nxg7 83. Bxg7 Ke6 84. Kg5 Be8 85. e4 Kf7 86.
Bc3 Bc6 87. Kf5 Bb7 88. Ke5 Bc6 89. Kd6 Bb7 90. Kd7 Ba6 1/2-1/2

[Event "23rd Dubai Open 2023"]
[Site "Dubai UAE"]
[Date "2023.05.31"]
[Round "5.28"]
[White "Bai, Adelard"]
[Black "Tiglon, Bryce"]
[Result "1/2-1/2"]
[WhiteTitle "FM"]
[BlackTitle "IM"]
[WhiteElo "2409"]
[BlackElo "2494"]
[WhiteFideId "16301188"]
[BlackFideId "2087456"]
[EventDate "2023.05.27"]

1. d4 Nf6 2. c4 g6 3. g3 c6 4. Bg2 d5 5. Nf3 Bg7 6. O-O O-O 7. Ne5 dxc4 8. Nxc4
Be6 9. Ne5 Qb6 10. Nc3 Rd8 11. e3 Nbd7 12. Nd3 Bc4 13. b3 Bxd3 14. Qxd3 e5 15.
Na4 Qc7 16. Bb2 b5 17. Nc3 Nc5 18. Qe2 exd4 19. exd4 Ne6 20. d5 Nxd5 21. Nxd5
cxd5 22. Bxg7 Kxg7 23. Qxb5 Rab8 24. Qd3 Rb4 25. Rac1 Qb6 26. Qe2 d4 27. Rfd1
Qb5 28. Bf1 Qd5 29. Qa6 Rd7 30. Bc4 Qf5 31. Bd3 Qd5 32. Bc4 Qf5 33. Bd3 Qf6 34.
Qc6 Rd8 35. Kg2 a5 36. Qf3 a4 37. Rc4 Rxc4 38. Bxc4 axb3 39. axb3 Qe5 40. h4 h5
41. Rd2 Qd6 42. Re2 Rd7 43. Rd2 Qb4 44. Bxe6 fxe6 45. Rd3 Qd6 46. Qe4 e5 47. b4
Qxb4 48. Qxe5+ Kh7 49. Qe4 Qc5 1/2-1/2

[Event "23rd Dubai Open 2023"]
[Site "Dubai UAE"]
[Date "2023.05.31"]
[Round "5.29"]
[White "Mamatov, Melis"]
[Black "Chernobay, Artem"]
[Result "1-0"]
[WhiteTitle "FM"]
[BlackTitle "GM"]
[WhiteElo "2399"]
[BlackElo "2484"]
[WhiteFideId "13800027"]
[BlackFideId "4167406"]
[EventDate "2023.05.27"]

1. e4 e6 2. d4 d5 3. Nc3 Bb4 4. a3 Bxc3+ 5. bxc3 dxe4 6. Qg4 Nf6 7. Qxg7 Rg8 8.
Qh6 Rg6 9. Qe3 c5 10. Ne2 Bd7 11. Nf4 Rg8 12. Bb2 cxd4 13. cxd4 Qa5+ 14. Bc3 Qc7
15. Be2 Bc6 16. Bb2 Qa5+ 17. Bc3 Qf5 18. h3 h5 19. O-O-O Nbd7 20. g4 hxg4 21.
hxg4 Qg5 22. d5 exd5 23. Nh5 Nh7 24. f4 Qg6 25. g5 O-O-O 26. Ng3 Nxg5 27. fxg5
Qxg5 28. Qxg5 Rxg5 29. Nh5 Rdg8 30. Rhf1 Rg2 31. Nf4 R2g3 32. Bb2 Nb6 33. Rf2 a6
34. Nh5 Rg2 35. Rxg2 Rg6 36. Rg3 Rxg3 37. Nf4 Rg8 38. Bd4 Nc4 39. Bxc4 dxc4 40.
Bb6 c3 41. Nd5 Rf8 42. Ne7+ Kb8 43. Rd4 Rh8 44. Kd1 Bb5 45. Rxe4 Rh6 46. Ba5
Rd6+ 47. Kc1 b6 48. Bxc3 Kb7 49. Rf4 Rd7 50. Rxf7 Bc4 51. Rg7 Be6 52. Kb2 a5 53.
Bf6 Ka6 54. Rg2 Rc7 55. Rd2 Rd7 56. Re2 Bc4 57. Re4 Bf7 58. Bc3 Rc7 59. Re5 Rd7
60. Nc6 Rc7 61. Nd4 Bc4 62. Bd2 Rd7 63. Be3 Rd6 64. Kc3 Bf1 65. Rf5 Bh3 66. Rf7
Bd7 67. Bf4 Rd5 68. Rf6 Ba4 69. Be3 Rd8 70. Kd3 Rc8 71. c4 Kb7 72. Nb5 Rc6 73.
Rf7+ Ka8 74. Ra7+ Kb8 75. Bf4+ 1-0

[Event "23rd Dubai Open 2023"]
[Site "Dubai UAE"]
[Date "2023.05.31"]
[Round "5.30"]
[White "Anuj, Shrivatri"]
[Black "Raja, Rithvik R"]
[Result "1-0"]
[WhiteTitle "IM"]
[BlackTitle "GM"]
[WhiteElo "2404"]
[BlackElo "2476"]
[WhiteFideId "35070924"]
[BlackFideId "35007394"]
[EventDate "2023.05.27"]

1. Nf3 d5 2. g3 c6 3. Bg2 Bg4 4. O-O e6 5. h3 Bh5 6. c4 Nf6 7. d4 Be7 8. Nc3
Nbd7 9. cxd5 exd5 10. Ne5 Bg6 11. f4 Be4 12. Nxe4 Nxe4 13. Bxe4 dxe4 14. Qb3
Nxe5 15. dxe5 Qb6+ 16. Be3 Bc5 17. Qxb6 Bxb6 18. Kf2 Ke7 19. Rfd1 Rhd8 20. a3 f6
21. exf6+ gxf6 22. Bxb6 axb6 23. Ke3 Rg8 24. g4 h5 25. Rg1 hxg4 26. hxg4 Rad8
27. b4 Ke6 28. Kxe4 Rd2 29. Kf3 Rh8 30. Rh1 Rxh1 31. Rxh1 Ra2 32. Rh6 Rxa3+ 33.
Ke4 Rb3 34. g5 Rxb4+ 35. Kf3 c5 36. Rxf6+ Ke7 37. f5 c4 38. Re6+ Kf8 39. g6 c3
40. f6 c2 41. g7+ Kf7 42. Re7+ Kxf6 43. g8=Q 1-0

[Event "23rd Dubai Open 2023"]
[Site "Dubai UAE"]
[Date "2023.05.31"]
[Round "5.31"]
[White "Erdogmus, Yagiz Kaan"]
[Black "Winkelman, Albert"]
[Result "1/2-1/2"]
[WhiteTitle "IM"]
[BlackTitle "FM"]
[WhiteElo "2470"]
[BlackElo "2227"]
[WhiteFideId "44599790"]
[BlackFideId "3219941"]
[EventDate "2023.05.27"]

1. e4 e5 2. Nc3 Nf6 3. g3 Nc6 4. Bg2 Bc5 5. Nge2 a6 6. d3 d6 7. O-O Bg4 8. h3
Bd7 9. Be3 Bxe3 10. fxe3 O-O 11. Rf2 Ne8 12. Qd2 h5 13. Raf1 h4 14. Rf3 Ne7 15.
Qe1 Ng6 16. g4 c6 17. Kh1 Nf6 18. Ng1 Nh7 19. R3f2 Ng5 20. Nf3 Nxf3 21. Bxf3 Qg5
22. Nb1 b5 23. Nd2 c5 24. Bd1 Bc6 25. c4 Qe7 26. Bb3 b4 27. Bd1 Bd7 28. Rg1 Kh7
29. Rf5 Rh8 30. Rh5+ Kg8 31. Nf3 Rh7 32. Be2 Qf6 33. Kh2 Qe7 34. Qf2 Qf6 35. Rf1
Rf8 36. Rg1 Re8 37. Bf1 Qe7 38. Ng5 Rh6 39. Be2 Rf8 40. Nf3 Rh7 41. Bf1 Re8 42.
Rxh7 Kxh7 43. g5 Rh8 44. Nxh4 Nxh4 45. Qxh4+ Kg8 46. Qg3 f6 47. gxf6 Qxf6 48.
Bg2 Qh4 49. Rf1 Qxg3+ 50. Kxg3 Rh6 51. b3 Rg6+ 52. Kh2 Rf6 53. Kg3 Rxf1 54. Bxf1
a5 1/2-1/2

[Event "23rd Dubai Open 2023"]
[Site "Dubai UAE"]
[Date "2023.05.31"]
[Round "5.32"]
[White "Rios, Cristhian Camilo"]
[Black "Yeganegi, Barad"]
[Result "1/2-1/2"]
[WhiteTitle "GM"]
[WhiteElo "2469"]
[BlackElo "2205"]
[WhiteFideId "4403940"]
[BlackFideId "42516340"]
[EventDate "2023.05.27"]

1. d4 d5 2. Nf3 Nf6 3. c4 e6 4. g3 dxc4 5. Bg2 Nc6 6. O-O Rb8 7. Bg5 Be7 8. e3
b5 9. Qc1 Bb7 10. b3 cxb3 11. axb3 O-O 12. Nfd2 Qd7 13. Nc3 Nb4 14. Bxb7 1/2-1/2

[Event "23rd Dubai Open 2023"]
[Site "Dubai UAE"]
[Date "2023.05.31"]
[Round "5.33"]
[White "Sviridov, Valery"]
[Black "Lim, Zhuo Ren"]
[Result "1-0"]
[BlackTitle "FM"]
[WhiteElo "2545"]
[BlackElo "2294"]
[WhiteFideId "4120680"]
[BlackFideId "5702488"]
[EventDate "2023.05.27"]

1. d4 Nf6 2. Nf3 d5 3. c4 e6 4. g3 dxc4 5. Bg2 Nbd7 6. Nc3 c6 7. O-O b5 8. Re1
Bb7 9. e4 Be7 10. a4 b4 11. e5 Nd5 12. Ne4 h6 13. Nfd2 Ba6 14. Qg4 g6 15. Bf1 c5
16. Nxc4 Bxc4 17. Bxc4 h5 18. Qf3 N5b6 19. Bb5 cxd4 20. a5 Nd5 21. Nd6+ Bxd6 22.
exd6 O-O 23. Bh6 Rc8 24. Qe4 N7f6 25. Qxd4 Qxd6 26. Bxf8 Kxf8 27. Qxa7 h4 28.
Qd4 hxg3 29. hxg3 Kg8 30. a6 Nh5 31. a7 Ra8 32. Ra6 Qc7 33. Bc6 Nxg3 34. Qe5 1-0

[Event "23rd Dubai Open 2023"]
[Site "Dubai UAE"]
[Date "2023.05.31"]
[Round "5.34"]
[White "Tissir, Mohamed"]
[Black "Sibashvili, Giorgi"]
[Result "1/2-1/2"]
[WhiteTitle "IM"]
[BlackTitle "IM"]
[WhiteElo "2354"]
[BlackElo "2408"]
[WhiteFideId "9000240"]
[BlackFideId "13602799"]
[EventDate "2023.05.27"]

1. e4 c5 2. Nf3 e6 3. d4 cxd4 4. Nxd4 Nf6 5. Nc3 Nc6 6. a3 Be7 7. f4 O-O 8. Be3
d6 9. Be2 Bd7 10. O-O Nxd4 11. Bxd4 Bc6 12. Qd3 Nd7 13. Qg3 Bf6 14. e5 Bh4 15.
Qh3 dxe5 16. fxe5 Be7 17. b4 b6 18. Bd3 g6 19. Ne4 Bxe4 20. Bxe4 Rc8 21. c3 Qc7
22. Qg3 Nb8 23. Rf3 Nc6 24. Bxc6 Qxc6 25. Qf4 Kh8 26. Re1 Rg8 27. Qxf7 Rg7 28.
Qf4 Rf8 29. Qe4 Qxe4 30. Rxe4 Rxf3 31. gxf3 Rf7 32. Kg2 Kg8 33. Be3 Kf8 34. Rc4
Rf5 35. Rc8+ Kf7 36. Bd4 Rg5+ 37. Kh1 a5 38. Rb8 axb4 39. axb4 Rf5 40. Rxb6 Rxf3
41. Rb7 Ke8 42. b5 Rf1+ 43. Kg2 Rb1 44. b6 h5 45. Kf3 g5 46. Ra7 Bd8 47. Rb7 g4+
48. Kg3 Rb3 49. Rh7 Bxb6 50. Rb7 Bxd4 51. Rxb3 Bxe5+ 52. Kg2 Ke7 53. c4 h4 54.
h3 gxh3+ 55. Kxh3 Bg3 56. Rb6 Kd7 57. Kg4 Bf2 58. Ra6 Bg3 59. Kf3 Bd6 60. Ra7+
Kc6 61. Rh7 Bg3 62. Rh5 e5 63. Ke4 Kc5 64. Kd3 Kb4 65. Rh7 e4+ 66. Kd4 Bf2+ 67.
Kxe4 Kxc4 68. Rc7+ Kb5 69. Kd5 Kb6 70. Rf7 Bg3 71. Rh7 Bf2 72. Rh8 Bg3 73. Rh6+
Kc7 74. Rc6+ Kd7 75. Rh6 Ke7 76. Ke4 Kd7 77. Rh7+ Ke6 78. Rh6+ Kd7 79. Rg6 Ke7 1/2-1/2